Tous les modèles de la marque Dacia - Statistiques

Statistiques générales
  • Ce quiz a été pris 15 fois
  • Le résultat moyen est 5 sur 12
Statistiques - réponses
Par images Réponse % Correct
Sandero
100%
Duster
86%
Logan
71%
Lodgy
64%
Spring
43%
Bigster
29%
Dokker
29%
Jogger
29%
1100
7%
1300
7%
Nova
7%
Solenza
7%
Aucun quiz correspondant
Distribution des résultats
% des personnes avec chaque résultat
Percentile par nombre de réponses
Votre historique - résultats
Vous n’avez pas pris ce quiz